[Event "SLO-chT2 Ost"]
[Site "Slovenia"]
[Date "2021.09.25"]
[Round "5.1"]
[White "Povse, Martin Zan"]
[Black "Maric, Katarina"]
[Result "1-0"]
[WhiteElo "1575"]
[BlackElo "1913"]
[PlyCount "95"]
[EventDate "2021.09.11"]
[EventType "team-tourn"]
[EventRounds "9"]
[EventCountry "SLO"]
[SourceTitle "EXT 2024"]
[Source "ChessBase"]
[SourceDate "2023.10.10"]
[SourceVersion "1"]
[SourceVersionDate "2023.10.10"]
[SourceQuality "1"]
[WhiteTeam "Milan Majcen Sevnica"]
[BlackTeam "Pomgrad SD III"]
[WhiteTeamCountry "SLO"]
[BlackTeamCountry "SLO"]

1. e4 c5 2. c3 d5 3. exd5 Qxd5 4. d4 cxd4 5. cxd4 Nc6 6. Be3 e6 7. Nf3 Nf6 8. Nc3 Qd8 9. Bb5 Bd7 10. 0-0 Be7 11. Ne5 Rc8 12. Qf3 0-0 13. Rfd1 a6 14. Nxd7 Qxd7 15. Ba4 b5 16. Bb3 Nb4 17. d5 Nbxd5 18. Bxd5 Nxd5 19. Nxd5 exd5 20. Rxd5 Qe6 21. g3 Qf6 22. Qg4 Rc6 23. Rc1 Qg6 24. Qf3 Re6 25. Rcd1 h6 26. b3 Rc8 27. Rd7 Qe4 28. Qxe4 Rxe4 29. Ra7 Re6 30. Rdd7 Re8 31. a4 bxa4 32. bxa4 f6 33. a5 Bf8 34. Bb6 Re1+ 35. Kg2 Ra1 36. Rxa6 Bb4 37. Raa7 Bf8 38. a6 Re6 39. Rdb7 Rb1 40. Be3 Ra1 41. Rb6 Re8 42. Rbb7 Ra2 43. Bd4 Re6 44. Rb8 Raxa6 45. Rxa6 Rxa6 46. Bc5 Kf7 47. Rxf8+ Kg6 48. Rb8 1-0

[Event "SLO-chT (Women)"]
[Site "Domzale"]
[Date "2016.04.14"]
[Round "4.7"]
[White "Maric, Katarina"]
[Black "Rozman, Monika"]
[Result "0-1"]
[WhiteElo "1978"]
[BlackElo "2079"]
[PlyCount "96"]
[EventDate "2016.04.01"]
[EventType "team-tourn"]
[EventRounds "7"]
[EventCountry "SLO"]
[SourceTitle "EXT 2019"]
[Source "ChessBase"]
[SourceDate "2018.10.10"]
[SourceVersion "1"]
[SourceVersionDate "2018.10.10"]
[SourceQuality "1"]
[WhiteTeam "Ptuj (W)"]
[BlackTeam "Prevodi Dvojka (W)"]
[WhiteTeamCountry "SLO"]
[BlackTeamCountry "SLO"]

1. c4 f5 2. Nc3 Nf6 3. g3 g6 4. Bg2 Bg7 5. d3 0-0 6. Nh3 Na6 7. 0-0 d6 8. Rb1 c6 9. e4 e5 10. Kh1 f4 11. f3 fxg3 12. hxg3 Nh5 13. Kh2 Nc5 14. Bg5 Qe8 15. Qd2 Ne6 16. Be3 Bd7 17. Ng1 Qe7 18. Nge2 Nd4 19. Bg5 Bf6 20. Bxf6 Qxf6 21. Nxd4 exd4 22. Ne2 c5 23. Bh3 Bxh3 24. Kxh3 Rf7 25. Kg2 Raf8 26. Ng1 Qe5 27. f4 Qe6 28. Nh3 Qg4 29. Qf2 Rxf4 30. Nxf4 Nxf4+ 31. Qxf4 Rxf4 32. Rxf4 Qe2+ 33. Kh3 Qxd3 34. Rbf1 Qxc4 35. b3 Qe6+ 36. Kh2 Kg7 37. g4 b5 38. R1f3 c4 39. bxc4 bxc4 40. Ra3 Qe5 41. Rxa7+ Kh6 42. Raf7 g5 43. R7f6+ Kg7 44. Rf7+ Kg6 45. R7f5 gxf4 46. Rxe5 dxe5 47. a4 c3 48. a5 c2 0-1

[Event "SLO-chT (Women)"]
[Site "Ljubljana"]
[Date "2015.04.11"]
[Round "6.3"]
[White "Maric, Katarina"]
[Black "Hercog, Nusa"]
[Result "1/2-1/2"]
[WhiteElo "2008"]
[BlackElo "1701"]
[PlyCount "127"]
[EventDate "2015.03.12"]
[EventType "team-tourn"]
[EventRounds "7"]
[EventCountry "SLO"]
[SourceTitle "EXT 2019"]
[Source "ChessBase"]
[SourceDate "2018.10.10"]
[SourceVersion "1"]
[SourceVersionDate "2018.10.10"]
[SourceQuality "1"]
[WhiteTeam "Ptuj (W)"]
[BlackTeam "Celje (W)"]
[WhiteTeamCountry "SLO"]
[BlackTeamCountry "SLO"]

1. c4 c6 2. Nc3 d5 3. cxd5 cxd5 4. d4 Nf6 5. Nf3 Nc6 6. Bf4 a6 7. h3 h6 8. a3 Bf5 9. e3 e6 10. Bd3 Bxd3 11. Qxd3 Bd6 12. Bxd6 Qxd6 13. 0-0 0-0 14. b4 b5 15. Rfc1 Rac8 16. Rc2 Rc7 17. Rac1 Rfc8 18. Qe2 e5 19. dxe5 Nxe5 20. Nxe5 Qxe5 21. Qd3 Rc4 22. Ne2 Ne4 23. Nd4 Nd6 24. Nb3 Rxc2 25. Rxc2 Rxc2 26. Qxc2 Nc4 27. Qc1 f5 28. Nc5 a5 29. bxa5 Nxa5 30. Nd7 Qd6 31. Qc8+ Kf7 32. Nc5 g6 33. Nb7 Nxb7 34. Qxb7+ Kf6 35. Qxb5 Qxa3 36. Qxd5 Qc1+ 37. Kh2 Qc7+ 38. g3 g5 39. Qd4+ Kg6 40. Qd5 Qc8 41. e4 fxe4 42. Qxe4+ Kg7 43. f4 gxf4 44. gxf4 Qd7 45. Kg3 Qc8 46. Qe5+ Kh7 47. Qe7+ Kg6 48. Qe4+ Kg7 49. h4 Qd7 50. h5 Qf7 51. Qe5+ Kh7 52. Kf3 Qb3+ 53. Qe3 Qd1+ 54. Qe2 Qb3+ 55. Kg4 Qg8+ 56. Kf3 Qb3+ 57. Kg2 Qd5+ 58. Qf3 Qd2+ 59. Kh3 Qd7+ 60. Kh2 Qd2+ 61. Kh3 Qd7+ 62. Kh2 Qd2+ 63. Kh3 Qd7+ 64. Kh2 1/2-1/2

[Event "SLO-chT (Women)"]
[Site "Ljubljana"]
[Date "2015.03.13"]
[Round "2.2"]
[White "Srebrnic, Ana"]
[Black "Maric, Katarina"]
[Result "1-0"]
[WhiteElo "2231"]
[BlackElo "2008"]
[PlyCount "109"]
[EventDate "2015.03.12"]
[EventType "team-tourn"]
[EventRounds "7"]
[EventCountry "SLO"]
[SourceTitle "EXT 2019"]
[Source "ChessBase"]
[SourceDate "2018.10.10"]
[SourceVersion "1"]
[SourceVersionDate "2018.10.10"]
[SourceQuality "1"]
[WhiteTeam "Nova Gorica (W)"]
[BlackTeam "Ptuj (W)"]
[WhiteTeamCountry "SLO"]
[BlackTeamCountry "SLO"]

1. d4 Nf6 2. Nc3 e6 3. e4 d5 4. e5 Nfd7 5. f4 c5 6. Nf3 cxd4 7. Nxd4 Nc6 8. Be3 Be7 9. Qd2 Nxd4 10. Bxd4 0-0 11. Bd3 Nc5 12. Be2 a5 13. 0-0 b6 14. Bf3 Bb7 15. Qe3 Re8 16. Rad1 Rc8 17. Ne2 Qc7 18. c3 a4 19. Ng3 f5 20. exf6 Bxf6 21. Rfe1 Qf7 22. Bh5 g6 23. Bg4 Ne4 24. Nxe4 dxe4 25. Bxf6 Qxf6 26. Qxb6 Rb8 27. Qd6 Kg7 28. Qc7+ Kg8 29. Qd6 Kg7 30. Qd7+ Kf8 31. Qxa4 Qxf4 32. Bh3 Qg5 33. Qd7 Qc5+ 34. Qd4 Qxd4+ 35. Rxd4 e5 36. Rd7 Bc6 37. Rc7 Bd5 38. c4 Ba8 39. b3 Rb7 40. Rxb7 Bxb7 41. Kf2 Rd8 42. Ke2 Kf7 43. Rd1 Rd4 44. Rd2 Ke7 45. Ke3 Rxd2 46. Kxd2 Kd6 47. Ke3 Kc5 48. a3 Bc6 49. Be6 Kd6 50. Bd5 Bd7 51. b4 Ba4 52. Bxe4 Bd7 53. c5+ Kc7 54. Bd5 Bf5 55. b5 1-0

[Event "SLO-chT (Women)"]
[Site "Bled"]
[Date "2000.??.??"]
[Round "?"]
[White "Maric, Katarina"]
[Black "Srebrnic, Ana"]
[Result "0-1"]
[WhiteElo "2018"]
[BlackElo "2177"]
[PlyCount "70"]
[EventDate "2000.??.??"]
[EventType "team-tourn"]
[EventRounds "3"]
[EventCountry "SLO"]
[SourceTitle "EXT 2002"]
[Source "ChessBase"]
[SourceDate "2001.11.25"]
[SourceVersion "1"]
[SourceVersionDate "2001.11.25"]
[SourceQuality "1"]

1. e4 d6 2. Nc3 g6 3. g3 Bg7 4. Bg2 c5 5. d3 Nc6 6. f4 e6 7. Nf3 Nge7 8. 0-0 Nd4 9. Be3 Nec6 10. Rb1 0-0 11. Ne2 Nxf3+ 12. Bxf3 Qc7 13. c3 Bd7 14. Bf2 Ne7 15. Bg2 Rab8 16. d4 Bb5 17. Re1 b6 18. Qc2 Rbc8 19. dxc5 dxc5 20. c4 Bc6 21. Nc3 Bd4 22. Rbd1 Rfd8 23. Ne2 Bxf2+ 24. Kxf2 a6 25. Rxd8+ Rxd8 26. Rd1 Rxd1 27. Qxd1 f6 28. Bf3 Kf7 29. a4 Nc8 30. b3 Ne7 31. Qd3 Qd7 32. Qxd7 Bxd7 33. Nc3 Bc6 34. Ke3 h6 35. h4 g5 0-1

[Event "Oberwart op"]
[Site "Oberwart"]
[Date "1998.07.27"]
[Round "3"]
[White "Maric, Katarina"]
[Black "Stanec, Nikolaus"]
[Result "0-1"]
[WhiteElo "2005"]
[BlackElo "2495"]
[PlyCount "50"]
[EventDate "1998.07.25"]
[EventType "swiss"]
[EventRounds "9"]
[EventCountry "AUT"]
[SourceTitle "CBM 065 Extra"]
[Source "ChessBase"]
[SourceDate "1998.09.09"]
[SourceVersion "1"]
[SourceVersionDate "1998.09.09"]
[SourceQuality "1"]

1. e4 c5 2. Nc3 Nc6 3. g3 g6 4. Bg2 Bg7 5. d3 d6 6. f4 e6 7. Nf3 Nge7 8. 0-0 0-0 9. Be3 b6 10. d4 Ba6 11. Rf2 Qc7 12. a4 Rad8 13. Nb5 Qb8 14. Rd2 Na5 15. b3 Bb7 16. Nc3 Rc8 17. e5 Nf5 18. Bf2 cxd4 19. Nb5 Bxf3 20. Bxf3 dxe5 21. fxe5 Bxe5 22. Nxd4 Nxd4 23. Bxd4 Bxd4+ 24. Rxd4 Qe5 25. Qd2 Rxc2 0-1

[Event "Feldbach op"]
[Site "Feldbach"]
[Date "1997.??.??"]
[Round "6"]
[White "Barczay, Laszlo"]
[Black "Maric, Katarina"]
[Result "1-0"]
[WhiteElo "2380"]
[BlackElo "2010"]
[PlyCount "115"]
[EventDate "1997.01.??"]
[EventType "swiss"]
[EventRounds "9"]
[EventCountry "AUT"]
[SourceTitle "EXT 1998"]
[Source "ChessBase"]
[SourceDate "1997.11.17"]
[SourceVersion "1"]
[SourceVersionDate "1997.11.17"]
[SourceQuality "1"]

1. Nf3 Nf6 2. d4 e6 3. g3 d5 4. Bg2 Bd6 5. 0-0 Nbd7 6. c4 c6 7. Nbd2 0-0 8. Qc2 Re8 9. b3 e5 10. cxd5 cxd5 11. dxe5 Nxe5 12. Bb2 Bg4 13. Rac1 Nc6 14. Rfe1 Rc8 15. Qb1 Bb4 16. Bc3 Bxc3 17. Rxc3 Rc7 18. e3 Rd7 19. Nd4 Nxd4 20. exd4 Rde7 21. Rxe7 Qxe7 22. Re3 Qd8 23. Rxe8+ Qxe8 24. Qc1 Qc8 25. Qc5 b6 26. Qxc8+ Bxc8 27. Nb1 Ne4 28. Kf1 Kf8 29. Ke2 Ke7 30. Ke3 Nf6 31. Nc3 Bb7 32. h3 Bc6 33. Bf1 Kd6 34. Bd3 h6 35. f4 Bd7 36. g4 Ng8 37. f5 Bc6 38. h4 Bd7 39. Bb5 Nf6 40. g5 hxg5 41. hxg5 Nh7 42. Bxd7 Kxd7 43. Kf4 Kc6 44. Ne2 Kd6 45. Ng3 g6 46. Nf1 Nf8 47. Nd2 Nd7 48. Nf3 a6 49. b4 b5 50. Ne5 Nxe5 51. dxe5+ Ke7 52. fxg6 fxg6 53. Ke3 Kd7 54. Kd4 Ke6 55. a3 Kf5 56. Kxd5 Kxg5 57. e6 Kf6 58. Kd6 1-0

[Event "Feldbach op"]
[Site "Feldbach"]
[Date "1997.??.??"]
[Round "1"]
[White "Maric, Katarina"]
[Black "Freitag, Manfred"]
[Result "0-1"]
[WhiteElo "2010"]
[BlackElo "2285"]
[PlyCount "56"]
[EventDate "1997.01.??"]
[EventType "swiss"]
[EventRounds "9"]
[EventCountry "AUT"]
[SourceTitle "EXT 1998"]
[Source "ChessBase"]
[SourceDate "1997.11.17"]
[SourceVersion "1"]
[SourceVersionDate "1997.11.17"]
[SourceQuality "1"]

1. e4 c5 2. Nc3 Nc6 3. g3 g6 4. Bg2 Bg7 5. d3 d6 6. f4 e6 7. Nf3 Nge7 8. 0-0 0-0 9. Be3 b6 10. d4 Bb7 11. dxc5 dxc5 12. e5 Nb4 13. Qc1 Ned5 14. Nxd5 Nxd5 15. Bf2 Qc7 16. Rd1 Rad8 17. c3 Kh8 18. Qc2 Rd7 19. Ng5 Bc6 20. Rd2 Rfd8 21. Rad1 h6 22. Ne4 g5 23. Nd6 gxf4 24. gxf4 Rg8 25. Kh1 Nxf4 26. Be4 Bxe5 27. Nc4 Rxd2 28. Rxd2 f5 0-1

[Event "SLO-ch (Women)"]
[Site "Ljubljana"]
[Date "1997.??.??"]
[Round "7"]
[White "Maric, Katarina"]
[Black "Marusic, Nada"]
[Result "1-0"]
[WhiteElo "2010"]
[BlackElo "2115"]
[PlyCount "125"]
[EventDate "1997.??.??"]
[EventType "swiss"]
[EventRounds "10"]
[EventCountry "SLO"]
[SourceTitle "EXT 1999"]
[Source "ChessBase"]
[SourceDate "1998.11.16"]
[SourceVersion "1"]
[SourceVersionDate "1998.11.16"]
[SourceQuality "1"]

1. e4 e6 2. d4 d5 3. Nc3 Bb4 4. e5 c5 5. a3 Bxc3+ 6. bxc3 c4 7. Qg4 g6 8. Nf3 Ne7 9. Be2 Nbc6 10. 0-0 Qa5 11. Bd2 Nf5 12. Qg5 Qd8 13. Rab1 h6 14. Qxd8+ Kxd8 15. g4 Nfe7 16. Kg2 Kc7 17. Ng1 Bd7 18. f4 Rab8 19. Rf3 a5 20. Kf2 h5 21. h3 hxg4 22. hxg4 Rh2+ 23. Kg3 Rbh8 24. Rf2 Rh1 25. Bf3 R8h3+ 26. Kg2 Rh8 27. Kg3 R1h4 28. Bg2 Ng8 29. Nf3 R4h7 30. Ng5 Rg7 31. Re2 Nd8 32. Bf3 b5 33. Ree1 Ne7 34. Rh1 Rgg8 35. Nh7 Bc6 36. Nf6 Rf8 37. Rxh8 Rxh8 38. Rh1 Rxh1 39. Bxh1 Nc8 40. Kh4 Nb6 41. Kg5 Nd7 42. Ne8+ Kc8 43. Nd6+ Kc7 44. Kh6 Nf6 45. Nxf7 Nxf7+ 46. Kxg6 Nxg4 47. Kxf7 Bd7 48. f5 exf5 49. e6 Bc6 50. e7 Nf2 51. Bf3 Ne4 52. Bxe4 fxe4 53. e8Q Bxe8+ 54. Kxe8 b4 55. cxb4 axb4 56. axb4 Kb6 57. c3 Kb5 58. Kd7 Ka4 59. Kc6 Kb3 60. b5 e3 61. Bxe3 Kxc3 62. Kxd5 Kd3 63. Bg5 1-0

[Event "Feldbach op"]
[Site "Feldbach"]
[Date "1997.??.??"]
[Round "4"]
[White "Maric, Katarina"]
[Black "Sax, Gyula"]
[Result "0-1"]
[WhiteElo "2010"]
[BlackElo "2525"]
[PlyCount "56"]
[EventDate "1997.01.??"]
[EventType "swiss"]
[EventRounds "9"]
[EventCountry "AUT"]
[SourceTitle "EXT 1998"]
[Source "ChessBase"]
[SourceDate "1997.11.17"]
[SourceVersion "1"]
[SourceVersionDate "1997.11.17"]
[SourceQuality "1"]

1. e4 c5 2. Nc3 Nc6 3. g3 Rb8 4. Bg2 b5 5. d3 b4 6. Nce2 e6 7. f4 d5 8. Be3 Nf6 9. h3 Bb7 10. e5 d4 11. Bf2 Nd5 12. Nf3 Nce7 13. g4 Ng6 14. Qd2 f6 15. 0-0 fxe5 16. Nxe5 Nxe5 17. fxe5 Be7 18. Ng3 Bg5 19. Qe1 0-0 20. Be4 Qc7 21. Kg2 Bf4 22. Bxd5 Bxd5+ 23. Ne4 Qxe5 24. Qe2 Rb7 25. Rae1 Rbf7 26. Kg1 Bh2+ 27. Kg2 Rxf2+ 28. Rxf2 Qg3+ 0-1

[Event "SLO-ch (Women)"]
[Site "Ljubljana"]
[Date "1997.??.??"]
[Round "3"]
[White "Vospernik, Mira"]
[Black "Maric, Katarina"]
[Result "1-0"]
[WhiteElo "2120"]
[BlackElo "2010"]
[PlyCount "97"]
[EventDate "1997.??.??"]
[EventType "swiss"]
[EventRounds "10"]
[EventCountry "SLO"]
[SourceTitle "EXT 1999"]
[Source "ChessBase"]
[SourceDate "1998.11.16"]
[SourceVersion "1"]
[SourceVersionDate "1998.11.16"]
[SourceQuality "1"]

1. d4 Nf6 2. Nf3 e6 3. Bf4 b6 4. e3 Bb7 5. Bd3 Be7 6. c3 Be4 7. Be2 h6 8. Nbd2 Bb7 9. Bg3 Ne4 10. Bd3 Nxd2 11. Qxd2 c5 12. Qe2 Qc8 13. e4 Ba6 14. d5 Bxd3 15. Qxd3 c4 16. Qe2 0-0 17. d6 Bf6 18. e5 Bg5 19. h4 Bd8 20. 0-0 Qc5 21. Rad1 Nc6 22. Bf4 Rc8 23. a4 Na5 24. Nd4 Nb3 25. Qg4 Kh8 26. Qh5 Kg8 27. Nxb3 cxb3 28. Rd4 f5 29. Rfd1 b5 30. R1d3 Bb6 31. Rg3 Rf7 32. Qe2 bxa4 33. Rxa4 Qd5 34. Bxh6 Rc5 35. Bf4 Ra5 36. Rxa5 Qxa5 37. h5 Qa1+ 38. Kh2 Kh7 39. h6 g6 40. c4 Bd4 41. Rxb3 Bb6 42. Rb5 Qa4 43. b3 Qa3 44. Qf3 Qa6 45. Qa8 g5 46. Bxg5 Bd4 47. Qe8 Kg6 48. Qg8+ Kh5 49. Bf4 1-0

[Event "SLO-ch (Women)"]
[Site "Slovenia"]
[Date "1996.??.??"]
[Round "?"]
[White "Vospernik, Mira"]
[Black "Maric, Katarina"]
[Result "1-0"]
[WhiteElo "2120"]
[BlackElo "2010"]
[PlyCount "89"]
[EventDate "1996.??.??"]
[EventType "swiss"]
[EventRounds "9"]
[EventCountry "SLO"]
[SourceTitle "EXT 1997"]
[Source "ChessBase"]
[SourceDate "1996.11.15"]
[SourceVersion "1"]
[SourceVersionDate "1996.11.15"]
[SourceQuality "1"]

1. d4 Nf6 2. Nf3 e6 3. Bf4 d5 4. e3 Be7 5. Bd3 c5 6. c3 Nbd7 7. Nbd2 a5 8. a4 b6 9. Qe2 Bb7 10. Ne5 Qc8 11. Ndf3 0-0 12. Bg5 h6 13. Bh4 Re8 14. Bxf6 Nxf6 15. g4 Ba6 16. h4 Bxd3 17. Qxd3 Ne4 18. g5 h5 19. Nxf7 Kxf7 20. Ne5+ Kg8 21. f3 Qa6 22. fxe4 Qxd3 23. Nxd3 cxd4 24. exd4 dxe4 25. Nf2 e5 26. d5 e3 27. Ne4 Red8 28. Rd1 Rac8 29. b3 Ba3 30. Ke2 Bc5 31. Rhf1 Rf8 32. Rxf8+ Kxf8 33. d6 Rd8 34. Rd5 Kf7 35. Nxc5 bxc5 36. Rxe5 Rxd6 37. Rxc5 Rb6 38. Rb5 Ra6 39. Kxe3 Ke6 40. Ke4 g6 41. c4 Kd6 42. c5+ Kc6 43. Rb6+ Rxb6 44. cxb6 Kxb6 45. Kd5 1-0

[Event "EU-ch U20 Girls"]
[Site "Zanka"]
[Date "1995.??.??"]
[Round "7"]
[White "Ferkingstad, Gro"]
[Black "Maric, Katarina"]
[Result "1/2-1/2"]
[WhiteElo "2010"]
[BlackElo "2045"]
[PlyCount "95"]
[EventDate "1995.??.??"]
[EventType "swiss"]
[EventRounds "11"]
[EventCountry "HUN"]
[SourceTitle "EXT 1997"]
[Source "ChessBase"]
[SourceDate "1996.11.15"]
[SourceVersion "1"]
[SourceVersionDate "1996.11.15"]
[SourceQuality "1"]

1. d4 Nf6 2. c4 e6 3. Nc3 Bb4 4. Qc2 c5 5. dxc5 Na6 6. a3 Bxc3+ 7. Qxc3 Nxc5 8. f3 d5 9. cxd5 Qxd5 10. e4 Qc6 11. Bg5 Ncd7 12. Qxc6 bxc6 13. Rc1 Bb7 14. Ne2 0-0 15. Nd4 Ne5 16. Bxf6 gxf6 17. Be2 Rfd8 18. Nb3 Rab8 19. Nc5 Ba8 20. Rc2 Nd7 21. Nxd7 Rxd7 22. 0-0 Rbd8 23. Ba6 Bb7 24. Bxb7 Rxb7 25. b4 Rd3 26. Ra1 Rb6 27. Rc4 Rd2 28. Rac1 Ra6 29. Ra1 Rb6 30. Rac1 Ra6 31. R1c3 Ra2 32. Rxc6 Rxc6 33. Rxc6 Rxa3 34. b5 Rb3 35. Rc5 Rb2 36. h3 Kg7 37. Kh2 Kg6 38. Kg3 e5 39. Rd5 Kg7 40. Rc5 Kg6 41. Rd5 Kg7 42. Rd7 Rxb5 43. Rxa7 Rb2 44. Rc7 Kg6 45. h4 h5 46. Kh3 Rb3 47. Kg3 Ra3 48. Rb7 1/2-1/2

[Event "EU-ch U20 Girls"]
[Site "Zanka"]
[Date "1995.??.??"]
[Round "8"]
[White "Maric, Katarina"]
[Black "Toth, Adrienn"]
[Result "0-1"]
[WhiteElo "2045"]
[BlackElo "2065"]
[PlyCount "138"]
[EventDate "1995.??.??"]
[EventType "swiss"]
[EventRounds "11"]
[EventCountry "HUN"]
[SourceTitle "EXT 1997"]
[Source "ChessBase"]
[SourceDate "1996.11.15"]
[SourceVersion "1"]
[SourceVersionDate "1996.11.15"]
[SourceQuality "1"]

1. e4 c5 2. Nc3 e6 3. g3 Nc6 4. Bg2 g6 5. d3 Bg7 6. f4 d6 7. Nf3 Nge7 8. 0-0 0-0 9. Be3 Nd4 10. Rb1 Nec6 11. Ne2 Qa5 12. a3 Rb8 13. c3 Nxf3+ 14. Bxf3 Bd7 15. Bg2 Rfe8 16. d4 c4 17. g4 f5 18. gxf5 gxf5 19. e5 d5 20. Ng3 Rf8 21. Nh5 Bh8 22. Bf2 Be8 23. Bf3 Qc7 24. Bh4 Bg6 25. Kh1 Kf7 26. Rg1 Ne7 27. Rg2 Ng8 28. Qg1 Ke8 29. Rg5 b5 30. Qg2 Qf7 31. Rg1 Kd7 32. Qe2 a5 33. R5g2 b4 34. axb4 axb4 35. Ra1 Ra8 36. Rgg1 Rfb8 37. cxb4 Qf8 38. Rxa8 Rxa8 39. Be1 Ne7 40. Bc3 Qh6 41. Rf1 Rb8 42. Ng3 Nc6 43. Qd1 Nxb4 44. Qa1 Nc6 45. Bd1 Qf8 46. Qa3 Bg7 47. Qxf8 Bxf8 48. Ba4 Ra8 49. Ra1 Kc7 50. b3 cxb3 51. Bxb3 Rxa1+ 52. Bxa1 Bh6 53. Kg2 Bxf4 54. Kf3 Bd2 55. Ne2 Bh5+ 56. Kf2 f4 57. Bc2 h6 58. Bd3 Be3+ 59. Kf1 Bxe2+ 60. Bxe2 Nxd4 61. Bg4 Kd7 62. Kg2 Nf5 63. Bxf5 exf5 64. Kf3 Ke6 65. Bc3 d4 66. Ba5 Kxe5 67. Bc7+ Kd5 68. Bxf4 Bxf4 69. Kxf4 Kc4 0-1

[Event "EU-ch U20 Girls"]
[Site "Zanka"]
[Date "1995.??.??"]
[Round "2"]
[White "Maric, Katarina"]
[Black "Velcheva, Maria"]
[Result "0-1"]
[WhiteElo "2045"]
[BlackElo "2285"]
[PlyCount "66"]
[EventDate "1995.??.??"]
[EventType "swiss"]
[EventRounds "11"]
[EventCountry "HUN"]
[SourceTitle "EXT 1997"]
[Source "ChessBase"]
[SourceDate "1996.11.15"]
[SourceVersion "1"]
[SourceVersionDate "1996.11.15"]
[SourceQuality "1"]

1. e4 c5 2. Nf3 Nc6 3. c3 d5 4. exd5 Qxd5 5. d4 cxd4 6. cxd4 e5 7. Nc3 Bb4 8. Bd2 Bxc3 9. Bxc3 e4 10. Ne5 Nxe5 11. dxe5 Ne7 12. Qa4+ Bd7 13. Qa3 Qe6 14. Rd1 0-0 15. Rd4 Nf5 16. Rxe4 Bc6 17. Rf4 Rad8 18. Qb4 Qxa2 19. f3 Ne3 20. Kf2 Nd5 21. Bc4 Nxb4 22. Bxa2 Nxa2 23. Bd4 Nb4 24. Rg4 h5 25. Rh4 g5 26. Rxh5 Rxd4 27. Rxg5+ Kh7 28. Rh5+ Kg6 29. g4 Rf4 30. h4 Rxf3+ 31. Ke2 f6 32. Rh2 Rf4 33. g5 Kxh5 0-1

[Event "SLO-ch U20 Girls"]
[Site "Slovenia"]
[Date "1994.??.??"]
[Round "?"]
[White "Grosar, Kiti"]
[Black "Maric, Katarina"]
[Result "1-0"]
[WhiteElo "2170"]
[BlackElo "1895"]
[PlyCount "67"]
[EventDate "1994.??.??"]
[EventType "tourn"]
[EventRounds "4"]
[EventCountry "SLO"]
[SourceTitle "EXT 1998"]
[Source "ChessBase"]
[SourceDate "1997.11.17"]
[SourceVersion "1"]
[SourceVersionDate "1997.11.17"]
[SourceQuality "1"]

1. e4 c5 2. Nf3 d6 3. d4 cxd4 4. Nxd4 Nf6 5. Nc3 e6 6. Be3 Be7 7. f4 Nc6 8. Qf3 Bd7 9. Nb3 a6 10. g4 g5 11. h3 h5 12. Be2 gxf4 13. Bxf4 e5 14. Bg5 hxg4 15. hxg4 Rxh1+ 16. Qxh1 Be6 17. 0-0-0 Bxg4 18. Bxf6 Bxe2 19. Bxe7 Qxe7 20. Qh8+ Qf8 21. Qxf8+ Kxf8 22. Nxe2 Ke7 23. Ng3 Rd8 24. Nd2 d5 25. exd5 Rxd5 26. Nf5+ Ke6 27. Ne3 Rd4 28. Rf1 Ne7 29. Nb3 Rb4 30. c3 Rb5 31. c4 Rb4 32. Nc5+ Kd6 33. Ne4+ Kd7 34. Rxf7 1-0

[Event "SLO-ch (Women)"]
[Site "Slovenia"]
[Date "1992.??.??"]
[Round "?"]
[White "Maric, Katarina"]
[Black "Kosir, Pavla"]
[Result "1-0"]
[WhiteElo "1850"]
[BlackElo "2095"]
[PlyCount "115"]
[EventDate "1992.??.??"]
[EventType "swiss"]
[EventRounds "9"]
[EventCountry "SLO"]
[SourceTitle "TD"]
[Source "ChessBase"]
[SourceDate "1994.03.01"]
[SourceVersion "1"]
[SourceVersionDate "1994.03.01"]
[SourceQuality "1"]

1. e4 e5 2. Nf3 Nc6 3. Bb5 a6 4. Ba4 Nf6 5. 0-0 d6 6. Re1 b5 7. Bb3 Bg4 8. h3 Bxf3 9. Qxf3 Nd4 10. Qg3 c5 11. c3 Nxb3 12. axb3 g6 13. d4 Nh5 14. Qd3 Be7 15. Rxa6 Rb8 16. dxe5 dxe5 17. Qxd8+ Rxd8 18. Rb6 b4 19. cxb4 cxb4 20. Bd2 Nf4 21. Be3 0-0 22. Nd2 Nd3 23. Rb1 Rd7 24. Rb5 f6 25. Nc4 Rfd8 26. g3 Kf7 27. Rd1 Ke8 28. Nb6 Rb7 29. Rd5 Rxd5 30. Nxd5 Nxb2 31. Rd2 Na4 32. Nxe7 Nc3 33. Nd5 Nxe4 34. Rc2 Kd7 35. Rc4 f5 36. Rxb4 Rxb4 37. Nxb4 Nc3 38. Nc2 Kc6 39. Kf1 Kb5 40. Bd2 Nd5 41. Ke2 e4 42. f3 exf3+ 43. Kxf3 Kc5 44. b4+ Kb5 45. Nd4+ Kc4 46. Ne6 h6 47. Bxh6 Kxb4 48. Nf4 Kc4 49. Nxg6 Kc5 50. Bf8+ Kc6 51. Ne7+ Nxe7 52. Bxe7 Kd7 53. Bf6 Ke6 54. Bc3 Kf7 55. Kf4 Kg6 56. h4 Kh5 57. Kxf5 Kh6 58. g4 1-0